ARRUPE JESUIT UNIVERSITY

CORONAVIRUS -STOP THE SPREAD - CLEAN,DISINFECT,COVER

Spiritual direction in the ancient christian east / (Record no. 124950)

MARC details
000 -LEADER
fixed length control field 01416cam a2200409 a 4500
001 - CONTROL NUMBER
control field 4474571
003 - CONTROL NUMBER IDENTIFIER
control field ARRUPE
005 - DATE AND TIME OF LATEST TRANSACTION
control field 20160812091956.0
008 - FIXED-LENGTH DATA ELEMENTS--GENERAL INFORMATION
fixed length control field 910102s1989 miu bd 001 0 eng d
010 ## - LIBRARY OF CONGRESS CONTROL NUMBER
LC control number 88038626
020 ## - INTERNATIONAL STANDARD BOOK NUMBER
International Standard Book Number 0879074167
035 ## - SYSTEM CONTROL NUMBER
System control number (OCoLC)70309232
035 ## - SYSTEM CONTROL NUMBER
System control number (OCoLC)ocm70309232
035 ## - SYSTEM CONTROL NUMBER
System control number (NNC)4474571
040 ## - CATALOGING SOURCE
Transcribing agency dcl
041 1# - LANGUAGE CODE
Language code of text/sound track or separate title eng
Language code of original and/or intermediate translations of text fre
050 0# - LIBRARY OF CONGRESS CALL NUMBER
Classification number BX382.5
Item number .H3813 1989
090 ## - LOCALLY ASSIGNED LC-TYPE CALL NUMBER (OCLC); LOCAL CALL NUMBER (OCLC)
Classification number (OCLC) (R) ; Classification number, CALL (RLIN) (NR) BX382.5
Local cutter number (OCLC) ; Book number/undivided call number, CALL (RLIN) .H3813 1989
300 ## - PHYSICAL DESCRIPTION
Dimensions 23 cm.
100 1# - MAIN ENTRY--PERSONAL NAME
Personal name Hausherr, Irénée,
Dates associated with a name 1891-1978.
9 (RLIN) 24899
245 10 - TITLE STATEMENT
Title Spiritual direction in the ancient christian east /
Statement of responsibility, etc by Irenee Hausherr ; translated by Anthony P. Gythiel.
260 ## - PUBLICATION, DISTRIBUTION, ETC. (IMPRINT)
Place of publication, distribution, etc Kalamazoo, Mich. :
Name of publisher, distributor, etc Cistercian Publications,
Date of publication, distribution, etc 1989.
300 ## - PHYSICAL DESCRIPTION
Extent xxxiii, 434 p. ;
490 1# - SERIES STATEMENT
Series statement Cistercian studies series ;
Volume number/sequential designation no. 116
500 ## - GENERAL NOTE
General note Translation of: Direction spirituelle en orient autrefois.
500 ## - GENERAL NOTE
General note Glossary: p. 333-344.
500 ## - GENERAL NOTE
General note Includes indexes.
504 ## - BIBLIOGRAPHY, ETC. NOTE
Bibliography, etc Bibliography: p. 365-399.
610 20 - SUBJECT ADDED ENTRY--CORPORATE NAME
Corporate name or jurisdiction name as entry element Orthodox Eastern Church
General subdivision Doctrines.
9 (RLIN) 16511
610 20 - SUBJECT ADDED ENTRY--CORPORATE NAME
Corporate name or jurisdiction name as entry element Catholic Church
General subdivision Oriental rites
-- Doctrines.
9 (RLIN) 24900
650 #0 - SUBJECT ADDED ENTRY--TOPICAL TERM
Topical term or geographic name as entry element Spiritual direction.
9 (RLIN) 24901
650 #0 - SUBJECT ADDED ENTRY--TOPICAL TERM
Topical term or geographic name as entry element Eastern churches
General subdivision Doctrines.
9 (RLIN) 24099
740 0# - ADDED ENTRY--UNCONTROLLED RELATED/ANALYTICAL TITLE
Uncontrolled related/analytical title Spiritual direction in the early Christian East.
830 #0 - SERIES ADDED ENTRY--UNIFORM TITLE
Uniform title Cistercian studies series ;
Volume number/sequential designation no. 116.
9 (RLIN) 24902
942 ## - ADDED ENTRY ELEMENTS (KOHA)
Source of classification or shelving scheme Library of Congress Classification
Koha item type Monograph ( Printed materials)
948 2# - LOCAL PROCESSING INFORMATION (OCLC); SERIES PART DESIGNATOR (RLIN)
Series part designator, SPT (RLIN) 20111110
b (OCLC) a
c (OCLC) oc2016
d (OCLC) MPS

No items available.

 

Arrupe Library. PO Box MP320 Mt Pleasant, Harare, Zimbabwe
263 242 745411|librarian@aju.ac.zw